| 000 | 02151nam a22008177a 4500 | ||
|---|---|---|---|
| 005 | 20260429165203.0 | ||
| 008 | 190812b2016 xxu||||| |||| 00| 0 spa d | ||
| 020 | _a9789968318594 | ||
| 041 | _aESP | ||
| 082 | _a371.335 B292r | ||
| 100 |
_aBartolomé Pina, Antonio _955398 |
||
| 245 | _aRecursos tecnológicos para el aprendizaje | ||
| 260 | _aCosta Rica | ||
| 260 | _bEUNED | ||
| 260 | _c2016 | ||
| 300 | _a470 páginas | ||
| 490 | _aTecnologías de la Información | ||
| 650 | _aTECNOLOGÍA EDUCATIVA | ||
| 650 | _aRECURSOS TECNOLÓGICOS | ||
| 650 | _aSISTEMAS DE INFORMACIÓN | ||
| 650 | _aCOMUNICACIÓN NO VERBAL | ||
| 650 | _aRETROPROYECTOR | ||
| 650 | _aPRESENTACIONES MULTIMEDIA | ||
| 650 | _aDISPOSITIVOS MÓVILES | ||
| 650 | _aREDES SOCIALES | ||
| 650 | _aEVALUACIÓN DE APRENDIZAJES | ||
| 650 | _aVIDEOS | ||
| 650 | _aDIAPOSITIVAS | ||
| 650 | _aINTERNET | ||
| 650 | _aFOROS | ||
| 650 | _aGRUPOS DE DISCUSIÓN | ||
| 650 | _aCHATS | ||
| 650 | _aWEBQUEST | ||
| 650 | _aWIKIS | ||
| 650 | _aBLOGS | ||
| 650 | _aDOCUMENTOS EN LÍNEA | ||
| 650 | _aHOJAS ELECTRÓNICAS | ||
| 650 | _aPRESENTACIONES MULTIMEDIA | ||
| 650 | _aBRECHA DIGITAL | ||
| 650 | _aVIDEOCONFERENCIA | ||
| 650 | _aLIBRO DIGITAL | ||
| 650 | _aEBOOKS | ||
| 650 | _aBIBLIOGRAFÍAS | ||
| 650 | _aDOCUMENTACIÓN | ||
| 650 | _aFUENTES | ||
| 650 | _aEVALUACIÓN DE LA LECTURA | ||
| 650 | _aHIPERTEXTO | ||
| 650 | _aVIDEOGRAMAS | ||
| 650 | _aPODCASTS | ||
| 650 | _aMULTIMEDIA | ||
| 650 | _aHIPERMEDIA | ||
| 650 | _aMETADATOS | ||
| 650 | _aIDENTIFICADOR DE OBJETOS DIGITALES | ||
| 650 | _aDOI | ||
| 650 | _aLICENCIAS CREATIVE COMMONS | ||
| 650 | _aBÚSQUEDA Y GESTIÓN DE INFORMACIÓN | ||
| 650 | _aBUSCADORES | ||
| 650 | _aENSEÑANZA ASISTIDA | ||
| 650 | _aTUTORIALES | ||
| 650 | _aVIDEOTUTORIALES | ||
| 650 | _aSIMULADORES | ||
| 650 | _aVIDEOJUEGOS | ||
| 650 | _aREPOSITORIOS | ||
| 650 | _aLABORATORIOS | ||
| 650 | _aTUTORÍAS | ||
| 650 | _aENTORNOS DE APRENDIZAJE | ||
| 650 | _aE-LEARNING | ||
| 650 | _aBLENDED LEARNING | ||
| 650 | _aAPRENDIZAJE VIRTUAL | ||
| 942 |
_cBK _2ddc |
||
| 999 |
_c12238 _d12238 |
||